000 00719nam a22002057a 4500
999 _c22564
_d22564
003 AR-CdUCM
008 190423b ||||| |||| 00| 0 spa d
020 _a9786124781988
040 _aMUNICIPALIDAD PROVINCIAL DEL CUSCO
_cBIBLIOTECA MUNICIPAL DEL CUSCO
082 _aPI/869.57/V195C
_bV195C
100 _aValdizán, Luigi
_948523
245 _aChispas :
_bamigos por igual /
_cLuigi Valdizan ; [ilustraciones], Natalí Sejuro.
260 _aLima :
_bPolifonía,
_c2020.
300 _a[24] páginas. :
_bilustraciones en color. ;
_c22 cm.
650 _aCuentos infantiles peruanos
_93914
650 _aLiteratura infantil
_9588
700 _aSejuro, Natalí
_eilustrador
_948524
942 _2ddc
_cLIBROS
945 _arac